000 00259nam a22000977a 4500
999 _c23579
_d23579
003 Nust
005 20170519113450.0
008 131218b xxu||||| |||| 00| 0 eng d
020 _a0070593965
_cAvailable
040 _aDLC
_bDLC
_cRCMS
082 _26th,ed.
_a301 HOR
100 _aHorton,Paul B.
_91198
245 _aSociology
250 _a6th,ed.
260 _aNew Delhi
_bTata McGraw-Hill
_c2004
300 _axix,635,p:
_bill:
_c25,cm.
538 _iShelf # 13, Row # 2, Fiction.
651 _aSociology
_91199
856 _uTable of Content Only
942 _2ddc
_cFIC